| 000 | 01160nam a2200241Ia 4500 | ||
|---|---|---|---|
| 999 |
_c3940 _d3940 |
||
| 003 | OSt | ||
| 005 | 20200616191430.0 | ||
| 008 | 191128s2015 ck a gr 000 j spa d | ||
| 020 | _a9789585906884 | ||
| 040 |
_aCO-JMCR _cCO-JMCR |
||
| 041 | _aspa | ||
| 082 | 0 | 4 |
_aH / _bRINa |
| 100 | 1 |
_aRincón García, John Jairo, _eautor _95666 |
|
| 245 | 1 | 0 |
_aArraigo y resistencia : _bdignidad campesina en la Región Caribe 1972-2015 / _cJohn Jairo Rincón García, Carmen Andrea Becerra Becerra, Alejandrina Pacheco, Catalina Pérez [y otros 8] |
| 250 | _aPrimera edición | ||
| 260 |
_aBogotá : _bCentro de Memoria Histórica, _c2015 |
||
| 300 |
_a38 páginas sin númerar : _b ilustraciones a color ; _c 22 cm. |
||
| 490 | _aDignidad campesina y problema agrario en el Caribe Colombiano | ||
| 500 | _aHistoria ilustrada. | ||
| 520 | _aArraigo y resistencia es un esfuerzo por visibilizar las luchas y procesos sociales de campesinas y campesinos organizados en la región Caribe,a partir de la recreación de sus memorias.Esta experiencia esta basada en dos trabajos de investigación del CNMH | ||
| 650 |
_aHistoria de la tierra _95667 |
||
| 942 |
_2ddc _cBK |
||